[Event "AUT-chT 2001-2002"]
[Site ""]
[Date "2002.01.19"]
[Round "7.4"]
[White "Kotz, Heinz Peter"]
[Black "Baumgartner, Heinz"]
[Result "0-1"]
[WhiteElo "2364"]
[BlackElo "2350"]
[PlyCount "82"]
[EventDate "2002.01.19"]

1. e4 d5 2. exd5 Qxd5 3. Nc3 Qa5 4. d4 Bf5 5. Nf3 c6 6. Bc4 e6 7. O-O Nd7 8.
Bf4 Ngf6 9. Qe2 Bb4 10. Bd2 O-O 11. a3 Bxc3 12. Bxc3 Qc7 13. Ne5 Rfd8 14. Bb3
Ne4 15. g4 Nxc3 16. bxc3 Bg6 17. f4 Nxe5 18. dxe5 Bd3 19. cxd3 Qb6+ 20. d4 Qxb3
21. Qe3 c5 22. dxc5 Rac8 23. Rab1 Qd5 24. Rb4 Rd7 25. Rfb1 g6 26. Qf2 Rdc7 27.
Rd4 Qxc5 28. Rbd1 Kg7 29. Qh4 Qe7 30. g5 Rxc3 31. f5 exf5 32. Qh6+ Kg8 33. Rh4
Qxe5 34. Qxh7+ Kf8 35. Rhd4 Rc1 36. Qh4 Qe3+ 37. Qf2 Qxg5+ 38. Kh1 R8c2 39. Qf3
Rxd1+ 40. Rxd1 Qh4 41. h3 Qe4 0-1

[Event "AUT-chT 2001-2002"]
[Site ""]
[Date "2002.01.19"]
[Round "7.5"]
[White "Woeber, Friedrich"]
[Black "Perhinig, Robert"]
[Result "0-1"]
[WhiteElo "2189"]
[BlackElo "2191"]
[PlyCount "80"]
[EventDate "2002.01.19"]

1. e4 e6 2. d4 d5 3. Nc3 Bb4 4. exd5 exd5 5. Bd3 c6 6. Qf3 Qf6 7. a3 Bd6 8.
Qxf6 Nxf6 9. Nge2 Bg4 10. h3 Bh5 11. Nf4 O-O 12. O-O Nbd7 13. Nxh5 Nxh5 14. Re1
Rfe8 15. Be3 g6 16. g4 Nf4 17. Bf1 Nf8 18. Ne2 N8e6 19. Nxf4 Bxf4 20. Bxf4 Nxf4
21. Kh2 g5 22. Kg3 Kg7 23. Re3 Re6 24. Rae1 Rae8 25. c4 h6 26. h4 Kf6 27. h5
Rd8 28. Rd1 dxc4 29. Bxc4 Nd5 30. Rf3+ Kg7 31. Rf5 Red6 32. Kf3 Nf6 33. d5 cxd5
34. Ba2 Re8 35. Rd4 Re4 36. Rxe4 dxe4+ 37. Ke2 Rd7 38. f4 exf3+ 39. Kxf3 Rd3+
40. Ke2 Rg3 0-1

[Event "AUT-chT 2001-2002"]
[Site ""]
[Date "2002.01.19"]
[Round "7.6"]
[White "Frosch, Ronald"]
[Black "Winiwarter, Felix"]
[Result "1-0"]
[WhiteElo "2172"]
[BlackElo "2174"]
[PlyCount "79"]
[EventDate "2002.01.19"]

1. d4 Nf6 2. Nf3 g6 3. b3 Bg7 4. Bb2 O-O 5. Nbd2 d5 6. e3 Bg4 7. Be2 Nbd7 8.
O-O c6 9. Ne5 Bxe2 10. Qxe2 Nxe5 11. dxe5 Nd7 12. f4 e6 13. Qf2 Qa5 14. e4 Rfe8
15. c4 f6 16. exf6 Nxf6 17. e5 Ng4 18. Qe2 Nh6 19. Nf3 a6 20. Bd4 Rac8 21. Bf2
b5 22. cxd5 cxd5 23. Rac1 Nf5 24. Ng5 Rxc1 25. Rxc1 Bh6 26. Nh3 Bf8 27. g4 Ng7
28. Rc6 Rd8 29. Bb6 Qxb6+ 30. Rxb6 Bc5+ 31. Kg2 Bxb6 32. Qc2 d4 33. Nf2 h5 34.
h3 hxg4 35. hxg4 g5 36. fxg5 Rd5 37. Nd3 Bd8 38. g6 a5 39. Qc8 b4 40. Nf4 1-0

[Event "AUT-chT 2001-2002"]
[Site ""]
[Date "2002.01.19"]
[Round "7.1"]
[White "Stohl, Igor"]
[Black "Blatny, Pavel"]
[Result "1-0"]
[WhiteElo "2534"]
[BlackElo "2458"]
[PlyCount "97"]
[EventDate "2002.01.19"]

1. d4 b6 2. c4 e6 3. a3 c5 4. d5 e5 5. Nc3 d6 6. g3 g6 7. Bg2 Nd7 8. Nf3 a6 9.
O-O h5 10. e4 Bh6 11. Bxh6 Nxh6 12. Qd2 Nf8 13. b4 f6 14. Rab1 g5 15. bxc5 bxc5
16. Na4 Ra7 17. Rb8 Nd7 18. Rb2 Kf8 19. Ne1 Kg7 20. Nd3 h4 21. Rfb1 Nf8 22. Nb6
hxg3 23. hxg3 Bg4 24. f3 Bh5 25. Na4 Qc7 26. Nc3 Be8 27. Rb8 Nd7 28. R8b3 Nf7
29. Nd1 Nf8 30. Ne3 Bd7 31. Qb2 Qa5 32. Rb8 Ng6 33. Nf2 Ra8 34. Rxa8 Rxa8 35.
Bh3 Bxh3 36. Nxh3 Ne7 37. Nf2 Re8 38. Kg2 Nh6 39. Nfg4 Nxg4 40. fxg4 Rf8 41.
Kf3 Qa4 42. Qb6 Qxa3 43. Qxd6 Rf7 44. Qb6 f5 45. gxf5 g4+ 46. Ke2 Qc3 47. Qe6
Qd4 48. f6+ Rxf6 49. Nf5+ 1-0

[Event "AUT-chT 2001-2002"]
[Site ""]
[Date "2002.01.19"]
[Round "7.2"]
[White "Popovic, Petar"]
[Black "Van Der Weide, Karel"]
[Result "1/2-1/2"]
[WhiteElo "2532"]
[BlackElo "2457"]
[PlyCount "27"]
[EventDate "2002.01.19"]

1. e4 c5 2. Nf3 Nc6 3. d4 cxd4 4. Nxd4 Nf6 5. Nc3 d6 6. g3 g6 7. Nde2 b6 8. Bg2
Bb7 9. b3 Bg7 10. Bb2 O-O 11. O-O Qc8 12. Rb1 Nb4 13. Re1 e5 14. a3 1/2-1/2

[Event "AUT-chT 2001-2002"]
[Site ""]
[Date "2002.01.19"]
[Round "7.3"]
[White "Brestian, Egon"]
[Black "Loeffler, Stefan"]
[Result "1/2-1/2"]
[WhiteElo "2428"]
[BlackElo "2400"]
[PlyCount "129"]
[EventDate "2002.01.19"]

1. e4 Nf6 2. e5 Nd5 3. d4 d6 4. c4 Nb6 5. exd6 exd6 6. Nc3 Be7 7. Be2 O-O 8.
Nf3 Bg4 9. O-O c5 10. h3 Bh5 11. dxc5 dxc5 12. a4 Nc6 13. a5 Nd7 14. Nd5 Nf6
15. a6 bxa6 16. Nf4 Qb6 17. Qa4 Bd6 18. Qxa6 Rfe8 19. Qxb6 axb6 20. Rxa8 Rxa8
21. Nxh5 Nxh5 22. Nh4 Nf6 23. Bf3 Rc8 24. Nf5 Bf8 25. Bg5 Nd7 26. Bxc6 Rxc6 27.
Rd1 Rc7 28. Ra1 g6 29. Ne3 Bd6 30. Nd5 Rb7 31. Nf6+ Nxf6 32. Bxf6 Rb8 33. Rd1
Bc7 34. Rd7 Rc8 35. g4 Kf8 36. Kg2 Ke8 37. Re7+ Kf8 38. Rd7 Ke8 39. Re7+ Kf8
40. g5 Bd8 41. Rb7 Bxf6 42. gxf6 Ke8 43. Rxb6 Kd7 44. Kf3 Re8 45. Rb7+ Ke6 46.
Rc7 Rb8 47. Rc6+ Kd7 48. Rxc5 Rxb2 49. Re5 Kd6 50. Re7 Rc2 51. Rxf7 Rxc4 52.
Rxh7 Ke6 53. f7 Ke7 54. Rg7 Rc6 55. Kg4 Kf8 56. Rh7 Rc5 57. h4 Ra5 58. Kf4 Rb5
59. Ke4 Ra5 60. h5 gxh5 61. f4 h4 62. f5 h3 63. Kf4 h2 64. Kg5 Ra6 65. Rxh2
1/2-1/2

[Event "AUT-chT 2001-2002"]
[Site ""]
[Date "2002.01.19"]
[Round "7.5"]
[White "Lendwai, Reinhard"]
[Black "Roth, Peter"]
[Result "1/2-1/2"]
[WhiteElo "2372"]
[BlackElo "2327"]
[PlyCount "74"]
[EventDate "2002.01.19"]

1. e4 e6 2. d3 c5 3. Nf3 Nc6 4. g3 Nge7 5. Bg2 d5 6. Nbd2 g6 7. O-O Bg7 8. Re1
O-O 9. h4 h6 10. e5 a5 11. c3 a4 12. Nf1 b6 13. N1h2 Kh7 14. Ng4 Ng8 15. Bf4
Nce7 16. Qd2 Nf5 17. Kh2 Ba6 18. Rh1 Qd7 19. Kg1 Qb5 20. Rd1 h5 21. Ngh2 Ngh6
22. Bh3 d4 23. c4 Qd7 24. Ng5+ Kh8 25. Bg2 Bb7 26. Be4 b5 27. Rc1 Rac8 28. Bxb7
Qxb7 29. Ne4 Rc6 30. Nf3 bxc4 31. Rxc4 Rb6 32. b3 axb3 33. axb3 Rxb3 34. Kg2
Rb2 35. Rc2 Rxc2 36. Qxc2 Rc8 37. Qc4 Ng4 1/2-1/2

[Event "AUT-chT 2001-2002"]
[Site ""]
[Date "2002.01.19"]
[Round "7.6"]
[White "Janetschek, Karl"]
[Black "Mahdy, Khaled"]
[Result "0-1"]
[WhiteElo "2326"]
[BlackElo "2352"]
[PlyCount "74"]
[EventDate "2002.01.19"]

1. e4 e5 2. Nf3 Nc6 3. Bb5 a6 4. Ba4 Nf6 5. O-O Be7 6. Re1 b5 7. Bb3 d6 8. c3
O-O 9. h3 Nd7 10. d4 Bf6 11. a4 Bb7 12. a5 Re8 13. Be3 exd4 14. cxd4 Rxe4 15.
Nc3 Re8 16. Qb1 Nb4 17. Qf5 Nf8 18. Bg5 Qd7 19. Qxd7 Nxd7 20. Bxf6 Nxf6 21. Ng5
d5 22. Nf3 Nd3 23. Rxe8+ Rxe8 24. Rb1 h6 25. Kf1 Kf8 26. Bc2 Nb4 27. Rc1 c5 28.
dxc5 Rc8 29. Nd4 Rxc5 30. Bb1 Nd7 31. Na2 Rxc1+ 32. Nxc1 Ne5 33. Na2 Nbc6 34.
Nxc6 Nxc6 35. b4 Bc8 36. Ke2 Be6 37. g4 Ke7 0-1

[Event "AUT-chT 2001-2002"]
[Site ""]
[Date "2002.01.19"]
[Round "7.1"]
[White "Hertneck, Gerald"]
[Black "Wells, Peter"]
[Result "1-0"]
[WhiteElo "2570"]
[BlackElo "2517"]
[PlyCount "105"]
[EventDate "2002.01.19"]

1. d4 Nf6 2. c4 e6 3. Nf3 d5 4. Nc3 dxc4 5. e3 a6 6. a4 c5 7. Bxc4 Nc6 8. O-O
Be7 9. Qe2 cxd4 10. Rd1 e5 11. exd4 exd4 12. Nxd4 Nxd4 13. Qe5 Qd6 14. Qxd4
Qxd4 15. Rxd4 Bc5 16. Rd1 O-O 17. Bg5 Be6 18. Bxe6 fxe6 19. Bxf6 gxf6 20. Ne4
Bb4 21. Rac1 Rf7 22. Rd3 h6 23. f4 a5 24. Kf2 Bf8 25. Kf3 Re8 26. Rcc3 Bb4 27.
Nd6 Bxc3 28. Rxc3 Rd8 29. Nxf7 Kxf7 30. Rc7+ Kg6 31. Rxb7 Rd3+ 32. Ke2 Rd4 33.
b3 Rxf4 34. Rb5 Rg4 35. g3 h5 36. Rxa5 h4 37. Kf3 hxg3 38. hxg3 Rd4 39. Rb5 e5
40. a5 Rd3+ 41. Kf2 Rd2+ 42. Ke3 Ra2 43. b4 Kf5 44. Rb6 Ra3+ 45. Kf2 Ke4 46.
Rxf6 Ra2+ 47. Kf1 Rb2 48. Rf2 Rb1+ 49. Kg2 Rxb4 50. Ra2 Rb7 51. a6 Ra7 52. Ra3
Kd4 53. Kf3 1-0

[Event "AUT-chT 2001-2002"]
[Site ""]
[Date "2002.01.19"]
[Round "7.3"]
[White "Madl, Ildiko"]
[Black "Frosch, Erich"]
[Result "1-0"]
[WhiteElo "2426"]
[BlackElo "2339"]
[PlyCount "89"]
[EventDate "2002.01.19"]

1. e4 e5 2. Nf3 Nc6 3. Bb5 a6 4. Ba4 Nf6 5. O-O b5 6. Bb3 Nxe4 7. d4 d5 8. dxe5
Be6 9. Nbd2 Nc5 10. c3 Be7 11. Bc2 O-O 12. Nb3 Nxb3 13. axb3 Re8 14. Bf4 g6 15.
Qd2 Qd7 16. Rfd1 Red8 17. Qe3 Bf5 18. Bd3 Be6 19. Be2 Qe8 20. h3 Rdb8 21. Ng5
Nd8 22. Nxe6 fxe6 23. b4 Nb7 24. Bg4 Qf7 25. Bg5 Bf8 26. h4 c5 27. Qh3 Re8 28.
Rd3 h5 29. Be2 cxb4 30. Rf3 Qc7 31. Rf6 Qxe5 32. Rxg6+ Bg7 33. Bf6 Qxf6 34.
Rxf6 Bxf6 35. Bxh5 Re7 36. cxb4 Kh8 37. Re1 Nd8 38. Bg6 Rc8 39. Qf3 Kg7 40. h5
Rc4 41. Bd3 Bxb2 42. h6+ Kg8 43. h7+ Rxh7 44. Bxh7+ Kxh7 45. Qh5+ 1-0

[Event "AUT-chT 2001-2002"]
[Site ""]
[Date "2002.01.19"]
[Round "7.4"]
[White "Grosar, Aljosa"]
[Black "Druckenthaner, Andreas"]
[Result "1-0"]
[WhiteElo "2442"]
[BlackElo "2330"]
[PlyCount "89"]
[EventDate "2002.01.19"]

1. e4 e5 2. Nf3 d6 3. d4 exd4 4. Nxd4 Nf6 5. Nc3 Be7 6. Bc4 O-O 7. O-O a6 8. a4
c5 9. Nf3 Nc6 10. h3 Nb4 11. Qe2 Nd7 12. Bf4 Nb6 13. Bb3 Be6 14. a5 Nd7 15.
Rfd1 Qc7 16. Nd5 Bxd5 17. exd5 Bf6 18. c3 Rfe8 19. Be3 c4 20. Bxc4 Nc2 21. Qxc2
Qxc4 22. Qa4 Qc7 23. Re1 Kf8 24. Bf4 Nc5 25. Qc4 Rxe1+ 26. Rxe1 Rd8 27. Bg3 g6
28. b4 Ne6 29. Re4 Qxc4 30. Rxc4 Ng7 31. Rc7 Nf5 32. Bf4 Ke8 33. Bg5 Bxg5 34.
Nxg5 Rd7 35. Rxd7 Kxd7 36. Nxh7 Ke7 37. g4 Nh4 38. f4 Nf3+ 39. Kf2 Nd2 40. Ke3
Nf1+ 41. Ke2 Ng3+ 42. Kf3 Nf1 43. Ng5 Nd2+ 44. Ke3 Nf1+ 45. Ke2 1-0

[Event "AUT-chT 2001-2002"]
[Site ""]
[Date "2002.01.19"]
[Round "7.5"]
[White "Opl, Klaus"]
[Black "Fahrner, Kurt"]
[Result "1/2-1/2"]
[WhiteElo "2263"]
[BlackElo "2367"]
[PlyCount "74"]
[EventDate "2002.01.19"]

1. d4 d5 2. c4 c6 3. Nf3 Nf6 4. Nc3 dxc4 5. a4 Na6 6. e4 Bg4 7. Bxc4 e6 8. Be3
Be7 9. O-O O-O 10. h3 Bh5 11. Qe2 Qa5 12. Bf4 Rfe8 13. g4 Bg6 14. Ne5 c5 15. d5
exd5 16. Nxd5 Bf8 17. Nxg6 hxg6 18. Nxf6+ gxf6 19. Bd5 Nc7 20. Bxc7 Qxc7 21.
Qf3 Kg7 22. Kg2 Bd6 23. Rac1 Qe7 24. b3 Rad8 25. h4 Rh8 26. Rh1 b6 27. Rh3 Rh6
28. Rch1 Rdh8 29. h5 Qe5 30. Qe2 Qg5 31. Qf3 Rxh5 32. Rxh5 gxh5 33. Qf5 Qxg4+
34. Qxg4+ hxg4 35. Rxh8 Kxh8 36. Bxf7 Kg7 37. Be6 Kg6 1/2-1/2

[Event "AUT-chT 2001-2002"]
[Site ""]
[Date "2002.01.19"]
[Round "7.6"]
[White "Ebner, Hubert"]
[Black "Peterwagner, Heinz"]
[Result "1/2-1/2"]
[WhiteElo "2262"]
[BlackElo "2226"]
[PlyCount "25"]
[EventDate "2002.01.19"]

1. d4 g6 2. c4 Bg7 3. Nc3 d6 4. e4 Nd7 5. Bg5 f6 6. Be3 Nh6 7. f3 e5 8. d5 f5
9. Bd3 Nf6 10. Nge2 fxe4 11. Nxe4 Nxe4 12. Bxe4 Nf5 13. Bxf5 1/2-1/2

[Event "AUT-chT 2001-2002"]
[Site ""]
[Date "2002.01.19"]
[Round "7.1"]
[White "Boensch, Uwe"]
[Black "Chernin, Alexander"]
[Result "1/2-1/2"]
[WhiteElo "2542"]
[BlackElo "2592"]
[PlyCount "30"]
[EventDate "2002.01.19"]

1. d4 Nf6 2. c4 e6 3. Nf3 d5 4. g3 dxc4 5. Bg2 c5 6. O-O Nc6 7. Na3 cxd4 8.
Nxc4 Bc5 9. a3 a5 10. Bf4 O-O 11. Rc1 Qe7 12. Nfe5 Nxe5 13. Bxe5 Rd8 14. Qc2 a4
15. Nd2 Bb6 1/2-1/2

[Event "AUT-chT 2001-2002"]
[Site ""]
[Date "2002.01.19"]
[Round "7.3"]
[White "Weinzettl, Ernst"]
[Black "Stanec, Nikolaus"]
[Result "0-1"]
[WhiteElo "2415"]
[BlackElo "2512"]
[PlyCount "64"]
[EventDate "2002.01.19"]

1. e4 c5 2. Nf3 Nc6 3. c3 e6 4. d4 d5 5. exd5 exd5 6. Be2 Bd6 7. O-O Nge7 8.
dxc5 Bxc5 9. Nbd2 O-O 10. Nb3 Bb6 11. Bg5 f6 12. Bf4 Ng6 13. Qd2 Be6 14. Be3
Bxe3 15. Qxe3 Re8 16. Rad1 Qc7 17. Qd2 Bf7 18. Nfd4 Nce5 19. g3 Nc4 20. Qc1
Nge5 21. Rfe1 Rad8 22. Nd2 Nd6 23. N2f3 Qb6 24. Nh4 Ndc4 25. b3 Nd6 26. Nhf5
Ne4 27. Bb5 Nf3+ 28. Kg2 Nxe1+ 29. Rxe1 Re5 30. Qf4 Bg6 31. Bd3 Rde8 32. c4 Nc5
0-1

[Event "AUT-chT 2001-2002"]
[Site ""]
[Date "2002.01.19"]
[Round "7.4"]
[White "Kindermann, Stefan"]
[Black "Reich, Thomas"]
[Result "1-0"]
[WhiteElo "2520"]
[BlackElo "2356"]
[PlyCount "67"]
[EventDate "2002.01.19"]

1. e4 c5 2. Nf3 d6 3. d4 cxd4 4. Nxd4 Nf6 5. Nc3 g6 6. Be3 Bg7 7. f3 Nc6 8. Qd2
O-O 9. O-O-O Bd7 10. Kb1 Ne5 11. Bh6 Bxh6 12. Qxh6 Rc8 13. Qd2 Rc5 14. f4 Nc6
15. Nb3 Rh5 16. Be2 Rh4 17. e5 Ne8 18. g3 Rh3 19. Ne4 Qb6 20. Bf3 Bc8 21. Ng5
Rh6 22. Rhe1 Ng7 23. exd6 exd6 24. Ne4 Rd8 25. f5 Nxf5 26. g4 Rh3 27. Qg2 Rxf3
28. Qxf3 Ne5 29. Qh3 Ne7 30. Qh4 N7c6 31. Nf6+ Kg7 32. g5 h5 33. gxh6+ Kh8 34.
Nd5 1-0

[Event "AUT-chT 2001-2002"]
[Site ""]
[Date "2002.01.19"]
[Round "7.5"]
[White "Sprenger, Wendelin"]
[Black "Teske, Henrik"]
[Result "0-1"]
[WhiteElo "2180"]
[BlackElo "2504"]
[PlyCount "60"]
[EventDate "2002.01.19"]

1. e4 c5 2. Nf3 Nc6 3. d4 cxd4 4. Nxd4 Qc7 5. Nc3 e6 6. Ndb5 Qb8 7. a4 Nf6 8.
Qf3 a6 9. Na3 Bb4 10. Bf4 e5 11. Bd2 d5 12. exd5 Nd4 13. Qg3 Nh5 14. Qh4 g6 15.
Bd3 Be7 16. Bg5 f6 17. Be3 f5 18. Bg5 Nf4 19. Kf1 Bxg5 20. Qxg5 O-O 21. Re1 b5
22. h4 Ra7 23. h5 Rg7 24. h6 Rb7 25. axb5 axb5 26. Bxb5 Nxb5 27. Ncxb5 Rxb5 28.
c4 Rxb2 29. Qe7 Qb7 30. Qxe5 Rxf2+ 0-1

[Event "AUT-chT 2001-2002"]
[Site ""]
[Date "2002.01.19"]
[Round "7.6"]
[White "Watzka, Horst"]
[Black "Hoellrigl, Wilfried"]
[Result "1-0"]
[WhiteElo "2364"]
[BlackElo "2196"]
[PlyCount "105"]
[EventDate "2002.01.19"]

1. e4 c5 2. Nf3 Nc6 3. d4 cxd4 4. Nxd4 Nf6 5. Nc3 e5 6. Ndb5 d6 7. Bg5 a6 8.
Na3 b5 9. Nd5 Be7 10. Bxf6 Bxf6 11. c4 b4 12. Nc2 Rb8 13. b3 O-O 14. g3 Bg5 15.
Bg2 f5 16. exf5 Bxf5 17. O-O Qd7 18. Qe2 a5 19. Be4 Rf7 20. Bxf5 Qxf5 21. Rad1
Rbf8 22. f3 Qd7 23. Kg2 Qa7 24. Qe4 Qc5 25. Qg4 Bd8 26. Qe6 Kh8 27. Nde3 Rf6
28. Qd5 Bb6 29. Qe4 Ne7 30. Nd5 Nxd5 31. Rxd5 Qc6 32. Ne1 Qa8 33. Qc2 Bc5 34.
h4 Qe8 35. Qe4 Qg6 36. Qxg6 hxg6 37. Nd3 e4 38. Nf4 exf3+ 39. Rxf3 Re8 40. Rd2
Re1 41. Re2 Ra1 42. Kh3 Kh7 43. Kg4 Rd1 44. Re8 Rd4 45. Kh3 Rd2 46. Ne6 g5 47.
Nxg5+ Kg6 48. Kg4 Rd4+ 49. Re4 Rxf3 50. Kxf3 Rd2 51. Kg4 Kh6 52. Re6+ g6 53.
Re7 1-0

[Event "AUT-chT 2001-2002"]
[Site ""]
[Date "2002.01.20"]
[Round "8.1"]
[White "Bischoff, Klaus"]
[Black "Chernin, Alexander"]
[Result "1/2-1/2"]
[WhiteElo "2541"]
[BlackElo "2592"]
[PlyCount "47"]
[EventDate "2002.01.20"]

1. c4 Nf6 2. Nf3 e6 3. b3 b6 4. Bb2 Bb7 5. e3 c5 6. Be2 Be7 7. d3 O-O 8. Nbd2
Nc6 9. O-O d5 10. a3 Rc8 11. Ra2 dxc4 12. bxc4 Qc7 13. Qa1 Ba8 14. Rb1 Rfd8 15.
h3 h6 16. Bc3 Ne8 17. Ne5 Nxe5 18. Bxe5 Qc6 19. Nf3 Qa4 20. Ne1 Bf6 21. Bxf6
Nxf6 22. Qc3 Bc6 23. Rab2 Nd7 24. Bd1 1/2-1/2

[Event "AUT-chT 2001-2002"]
[Site ""]
[Date "2002.01.20"]
[Round "8.2"]
[White "Luther, Thomas"]
[Black "Horvath, Jozsef"]
[Result "1/2-1/2"]
[WhiteElo "2604"]
[BlackElo "2551"]
[PlyCount "78"]
[EventDate "2002.01.20"]

1. e4 e5 2. Nf3 Nf6 3. d4 Nxe4 4. Bd3 d5 5. Nxe5 Nd7 6. Nxd7 Bxd7 7. O-O Bd6 8.
c4 c6 9. cxd5 cxd5 10. Qh5 O-O 11. Qxd5 Bc6 12. Qh5 g6 13. Qh3 Ng5 14. Bxg5
Qxg5 15. Nc3 Rae8 16. Rad1 Re7 17. d5 Bd7 18. Ne4 Rxe4 19. Qxd7 Qe7 20. Qxe7
Rxe7 21. g3 Rd8 22. Bc4 Rc8 23. b3 a6 24. a4 Rc5 25. Rd2 Re5 26. f4 Re3 27. Rb1
Rc7 28. Kf1 Kg7 29. Re2 Rxe2 30. Kxe2 Rc5 31. Ra1 b5 32. axb5 axb5 33. Bd3 Rxd5
34. Ra7 g5 35. fxg5 Rxg5 36. Rb7 Rh5 37. Bxb5 Rxh2+ 38. Kf3 Rh3 39. Bc4 Rxg3+
1/2-1/2

[Event "AUT-chT 2001-2002"]
[Site ""]
[Date "2002.01.20"]
[Round "8.3"]
[White "Hoelzl, Franz"]
[Black "Stanec, Nikolaus"]
[Result "1/2-1/2"]
[WhiteElo "2369"]
[BlackElo "2512"]
[PlyCount "191"]
[EventDate "2002.01.20"]

1. d4 Nf6 2. Nf3 g6 3. g3 Bg7 4. Bg2 O-O 5. O-O d6 6. c4 Nbd7 7. Re1 e5 8. e4
exd4 9. Nxd4 Re8 10. Nc3 Nc5 11. h3 Bd7 12. Bf4 Ne6 13. Be3 Nxd4 14. Bxd4 c5
15. Be3 Bc6 16. Qc2 Re6 17. Rad1 Qf8 18. Nd5 Bxd5 19. exd5 Ree8 20. Qa4 Ne4 21.
Bf4 g5 22. Bc1 f5 23. Qc2 Bd4 24. Bxe4 fxe4 25. Bxg5 Qf3 26. Be3 Be5 27. Qe2
Qf7 28. Rb1 Kh8 29. a3 Rg8 30. Bd2 Bd4 31. Kg2 Rae8 32. Bc3 Rg7 33. Rbd1 Bxc3
34. bxc3 Re5 35. Rf1 Qg6 36. Rde1 h5 37. Qc2 Rf7 38. Re3 Rf3 39. Qe2 Rf7 40.
Re1 Rfe7 41. Qc2 Kg7 42. R1e2 Qg5 43. Qb1 Qg6 44. Rb2 b6 45. Rbe2 Qf5 46. a4
Qg6 47. Qb5 Rf7 48. Qc6 Qf6 49. Qb5 Qf3+ 50. Kh2 Qf6 51. Qb2 Qg6 52. Qb1 Rfe7
53. Rb2 Rf7 54. Kg2 Qf5 55. Qa2 Qf6 56. Qa1 Qf5 57. Qd1 Qg6 58. Qe2 Ref5 59.
Qe1 Re5 60. Ra2 Qf5 61. Rae2 Rfe7 62. Qb1 Qg6 63. Kg1 Kh7 64. a5 bxa5 65. Ra2
Rf7 66. Rxa5 Qf5 67. Qa2 Ree7 68. h4 Qg6 69. Ra6 Kg7 70. Qb1 Rf6 71. Ra2 Rf3
72. Qe1 Qf5 73. Ra6 Rxe3 74. Qxe3 Qe5 75. Kf1 Rf7 76. Ke2 Kh7 77. Rc6 a5 78.
Ra6 Rf3 79. Qg5 Qxg5 80. hxg5 Rxc3 81. Rxd6 Rxc4 82. Ke3 Rd4 83. Kf4 Rd2 84.
Ke3 Rd4 85. Rh6+ Kg7 86. Rxh5 Kg6 87. Rh6+ Kxg5 88. Rc6 Rxd5 89. Kxe4 Rd4+ 90.
Ke5 Rd8 91. Rxc5 Ra8 92. Kd4+ Kg4 93. Ke3 a4 94. Rc4+ Kh3 95. Kf3 Rf8+ 96. Ke3
1/2-1/2

[Event "AUT-chT 2001-2002"]
[Site ""]
[Date "2002.01.20"]
[Round "8.4"]
[White "Kindermann, Stefan"]
[Black "Steflitsch, Erich"]
[Result "1-0"]
[WhiteElo "2520"]
[BlackElo "2371"]
[PlyCount "67"]
[EventDate "2002.01.20"]

1. e4 e6 2. d4 d5 3. Nd2 Nf6 4. e5 Nfd7 5. c3 c5 6. Bd3 Nc6 7. Ne2 cxd4 8. cxd4
f6 9. exf6 Nxf6 10. Nf3 Bd6 11. O-O O-O 12. Bf4 Bxf4 13. Nxf4 Ne4 14. Qc1 Ng5
15. Nxg5 Qxg5 16. Ne2 Qf6 17. Qe3 e5 18. dxe5 Nxe5 19. b3 Bd7 20. Rad1 Rae8 21.
Qd2 Bg4 22. f3 Bd7 23. Bb1 Bc6 24. Nd4 Ng6 25. Bxg6 Qxg6 26. Rc1 Rf6 27. Rc3
Re5 28. Re1 Rxe1+ 29. Qxe1 h6 30. Re3 Kh7 31. Re7 Rf7 32. Rxf7 Qxf7 33. Qe5 Qg6
34. Kf2 1-0

[Event "AUT-chT 2001-2002"]
[Site ""]
[Date "2002.01.20"]
[Round "8.5"]
[White "Petschar, Kurt"]
[Black "Teske, Henrik"]
[Result "0-1"]
[WhiteElo "2321"]
[BlackElo "2504"]
[PlyCount "118"]
[EventDate "2002.01.20"]

1. e4 c5 2. c3 d5 3. exd5 Nf6 4. d4 cxd4 5. cxd4 g6 6. Nc3 Bg7 7. Qb3 Nbd7 8.
g3 O-O 9. Bg2 b5 10. Qxb5 Rb8 11. Qd3 Qa5 12. Nge2 Ba6 13. Qd1 Nb6 14. O-O
Nfxd5 15. Nxd5 Nxd5 16. Bd2 Nb4 17. a3 Qh5 18. Nf4 Qxd1 19. Rfxd1 Nc2 20. Rac1
Nxd4 21. Be3 Rfd8 22. b4 e6 23. Rd2 Bb5 24. h4 a6 25. Rcd1 Ba4 26. Rc1 h6 27.
Kh2 h5 28. Rc4 e5 29. Nd5 Rd7 30. Bxd4 exd4 31. Nf4 Bb5 32. Rc1 Bh6 33. Kg1 d3
34. Bf1 Rd4 35. Rcd1 Rbd8 36. Rxd3 Bxd3 37. Nxd3 R8d5 38. Be2 a5 39. Kf1 Bf8
40. bxa5 Rxa5 41. Ra1 Bd6 42. Ne1 Rda4 43. Nc2 Kg7 44. Rd1 Bxa3 45. Nxa3 Rxa3
46. Rd2 Kf6 47. Kg2 Rc3 48. Rb2 Rac5 49. Ra2 Rc2 50. Rxc2 Rxc2 51. Kf3 Ke5 52.
Ke3 Rc3+ 53. Bd3 Rb3 54. Ke2 Kd4 55. Ba6 f5 56. Bc8 f4 57. gxf4 Ke4 58. Be6 Rb6
59. f5 Kf4 0-1

[Event "AUT-chT 2001-2002"]
[Site ""]
[Date "2002.01.20"]
[Round "8.1"]
[White "Wells, Peter"]
[Black "Boensch, Uwe"]
[Result "1/2-1/2"]
[WhiteElo "2517"]
[BlackElo "2542"]
[PlyCount "57"]
[EventDate "2002.01.20"]

1. c4 e6 2. g3 d5 3. Bg2 Nf6 4. Nf3 Be7 5. O-O O-O 6. d4 dxc4 7. Qc2 a6 8. Qxc4
b5 9. Qc2 Bb7 10. Bg5 Be4 11. Qc1 Bb7 12. Nbd2 h6 13. Bxf6 Bxf6 14. Nb3 Nd7 15.
Qc2 Rc8 16. Ng5 hxg5 17. Bxb7 Rb8 18. Bc6 Rb6 19. Rfd1 Nb8 20. Bg2 Rd6 21. e3
c6 22. Rac1 Qe7 23. Nc5 Rdd8 24. a4 e5 25. d5 cxd5 26. Bxd5 Rc8 27. b4 a5 28.
axb5 axb4 29. Bb3 1/2-1/2

[Event "AUT-chT 2001-2002"]
[Site ""]
[Date "2002.01.20"]
[Round "8.2"]
[White "Stangl, Markus"]
[Black "Lipinsky, Fabian"]
[Result "1-0"]
[WhiteElo "2457"]
[BlackElo "2390"]
[PlyCount "81"]
[EventDate "2002.01.20"]

1. c4 e6 2. g3 d5 3. Bg2 dxc4 4. Qa4+ Nd7 5. Qxc4 c5 6. d3 Rb8 7. Nc3 a6 8. a4
Bd6 9. Ne4 Be7 10. a5 Ngf6 11. Bf4 e5 12. Bd2 b5 13. axb6 Qxb6 14. Bc3 O-O 15.
Nxf6+ Bxf6 16. Nf3 Qc7 17. O-O Rb5 18. Nd2 Re8 19. Rfc1 Bg5 20. e3 Bd8 21. Rc2
Nf6 22. Qa4 Qd7 23. Nc4 Nd5 24. Bxe5 Nb6 25. Nxb6 Bxb6 26. Bc3 Qxd3 27. Bc6 Rf8
28. Rd2 Qf5 29. Qf4 c4 30. Bxb5 Qxb5 31. Qe5 Qxe5 32. Bxe5 Bc5 33. Rc2 Be6 34.
Rxa6 Bb4 35. Bd6 Bxd6 36. Rxd6 h6 37. Rcd2 Kh7 38. Rd8 Rxd8 39. Rxd8 Kg6 40. f3
Kf6 41. Kf2 1-0

[Event "AUT-chT 2001-2002"]
[Site ""]
[Date "2002.01.20"]
[Round "8.3"]
[White "Frosch, Erich"]
[Black "Weinzettl, Ernst"]
[Result "0-1"]
[WhiteElo "2339"]
[BlackElo "2415"]
[PlyCount "104"]
[EventDate "2002.01.20"]

1. d4 d5 2. Nf3 e6 3. c4 c5 4. cxd5 exd5 5. Nc3 Nc6 6. e3 Nf6 7. Be2 a6 8. O-O
Bd6 9. dxc5 Bxc5 10. a3 O-O 11. Qc2 Qe7 12. Rd1 Rd8 13. b4 Ba7 14. b5 Ne5 15.
Bb2 Neg4 16. Rf1 Ne4 17. Nxe4 dxe4 18. Qc3 Nf6 19. Ne5 axb5 20. Bxb5 Be6 21.
Rfd1 Rdc8 22. Qd2 Bc5 23. a4 Bb4 24. Qe2 Bd6 25. Nc4 Bxh2+ 26. Kf1 Ng4 27. Nb6
Qh4 28. Nxc8 Bd6 29. Qd2 Rxc8 30. Rac1 Rf8 31. Rc2 Qh1+ 32. Ke2 Qxg2 33. Rf1
Nh2 34. Kd1 Nxf1 35. Qxd6 Bb3 36. Ba3 Rc8 37. Ke1 Bxc2 38. Bxf1 Qg6 39. Qd7 Qc6
40. Qd4 Qxa4 41. Bb4 Qb3 42. f4 Bd3 43. Bh3 Qb1+ 44. Kf2 Rc2+ 45. Kg3 Qg1+ 46.
Kh4 g5+ 47. Kh5 Be2+ 48. Kh6 Rc6+ 49. Bd6 gxf4 50. Bf5 Qh2+ 51. Kg5 Qg3+ 52.
Kf6 Qg7+ 0-1

[Event "AUT-chT 2001-2002"]
[Site ""]
[Date "2002.01.20"]
[Round "8.4"]
[White "Reich, Thomas"]
[Black "Grosar, Aljosa"]
[Result "0-1"]
[WhiteElo "2356"]
[BlackElo "2442"]
[PlyCount "110"]
[EventDate "2002.01.20"]

1. d4 Nf6 2. c4 e6 3. Nf3 b6 4. Nc3 Bb4 5. Bd2 Bxc3 6. Bxc3 Ne4 7. Rc1 O-O 8.
e3 f5 9. g3 Bb7 10. Bg2 d6 11. b4 Nd7 12. O-O c5 13. Qb3 Rb8 14. Rfd1 Qc7 15.
Ba1 Ba8 16. a3 Rbe8 17. Ne1 e5 18. d5 Bb7 19. Nd3 Bc8 20. Qb2 Rf7 21. f3 Nef6
22. Nf2 cxb4 23. axb4 a5 24. Bh3 g6 25. Bg2 axb4 26. Nd3 e4 27. fxe4 fxe4 28.
Nxb4 Ne5 29. Nc6 Nd3 30. Qd4 Nxc1 31. Rxc1 h5 32. h3 Kh7 33. Rb1 Nd7 34. Bxe4
Nc5 35. Bg2 Bf5 36. e4 Bxe4 37. Bxe4 Nxe4 38. Re1 Qc8 39. g4 Ng5 40. Rf1 Rxf1+
41. Kxf1 Qd7 42. Kg2 Qf7 43. Qf6 Re2+ 44. Kf1 Rc2 45. gxh5 gxh5 46. Qxf7+ Nxf7
47. Bd4 Rxc4 48. Bxb6 Rc2 49. Ne7 Rh2 50. Be3 Rxh3 51. Kf2 Ne5 52. Bg5 Rf3+ 53.
Ke2 Rg3 54. Bf4 Rg4 55. Ke3 Rxf4 0-1